| 000 | 00929nam a22003137a 4500 | ||
|---|---|---|---|
| 003 | CHAP | ||
| 005 | 20220329135135.0 | ||
| 008 | 971013s1950 r 00010 d | ||
| 010 | _a31560 | ||
| 011 | _a32532 | ||
| 035 | _a36647 | ||
| 040 | _cCHAP | ||
| 082 |
_a621.312134 _bC74 |
||
| 100 | 0 | 0 |
_aCreager, William Pitcher. _928869 |
| 245 | _aHydroelectric handbook | ||
| 250 | _a2 ed. | ||
| 260 |
_aNew York : _bWiley, _c1950 |
||
| 300 |
_a1151 p. _b: ilus. |
||
| 590 |
_aBATCH-UPD _b10 _c20130110 _lUCH01 _h1548 |
||
| 590 |
_aBATCH-UPD _b10 _c20130410 _lUCH01 _h0947 |
||
| 590 |
_aBATCH-UPD _b10 _c20130914 _lUCH01 _h1640 |
||
| 590 |
_aCONVERSION _b10 _c20130109 _lUCH01 _h1318 |
||
| 650 | 1 | 4 |
_aIngeniería hidráulica. _958235 |
| 650 | 1 | 4 |
_aPlantas hidroeléctricas. _988999 |
| 700 | 0 |
_aJustin, Joel D. _962548 |
|
| 901 | _aBK | ||
| 942 | _cLIBRO | ||
| 949 |
_a621.312134 C74 _bBC _cLIBRO _d33724000015749 _eLIBRO _h18600 _i36647 _si |
||
| 999 |
_c31560 _d31560 |
||